000 00547cam a22002171 4500
001 sa 68001654
003 DLC
005 20260227112435.0
008 950126s1967 ii 000 1 malo
010 _asa 68001654
025 _aPL480:I-Mal-1108
035 _a(OCoLC)31893056
040 _aDLC
_cCU
_dCU
_dDLC
042 _apremarc
050 0 0 _aPL4718.9.V28
_bM8
100 1 _aVarkki, Muṭṭattu,
_d1918-
245 1 0 _aMuḷaṃpālaṃ.
260 _a[n.p.,
_bJ. Johnson ;
_c1967]
300 _a159 p.
_c18 cm.
500 _aIn Malayalam.
999 _c78122
_d78122